Ugly bugs / (Record no. 1314)

MARC details
000 -LEADER
fixed length control field 01317cam a22003377a 4500
005 - DATE AND TIME OF LATEST TRANSACTION
control field 20230814164634.0
020 ## - INTERNATIONAL STANDARD BOOK NUMBER
International Standard Book Number 9780439944526
Qualifying information (pbk.)
020 ## - INTERNATIONAL STANDARD BOOK NUMBER
International Standard Book Number 043994452X
Qualifying information (pbk.)
040 ## - CATALOGING SOURCE
Original cataloging agency UKM
Language of cataloging eng
Transcribing agency UKM
Modifying agency BTCTA
-- YDXCP
-- OCLCQ
-- OCLCF
-- OCLCO
-- NTAUP
-- OCLCQ
-- DLC
050 00 - LIBRARY OF CONGRESS CALL NUMBER
Classification number QL476.5
Item number .A76 2008
082 04 - DEWEY DECIMAL CLASSIFICATION NUMBER
Classification number 595.7
Edition number 22
100 1# - MAIN ENTRY--PERSONAL NAME
Personal name Arnold, Nick.
245 10 - TITLE STATEMENT
Title Ugly bugs /
Statement of responsibility, etc. Nick Arnold ; illustrated by Tony De Saulles.
260 ## - PUBLICATION, DISTRIBUTION, ETC.
Place of publication, distribution, etc. London :
Name of publisher, distributor, etc. Scholastic,
Date of publication, distribution, etc. 1996.
300 ## - PHYSICAL DESCRIPTION
Extent 141 pages :
Other physical details Illustrations ;
Dimensions 20 cm.
490 1# - SERIES STATEMENT
Series statement Horrible science
500 ## - GENERAL NOTE
General note Originally published: London: Hippo, 1996.
500 ## - GENERAL NOTE
General note Includes index.
505 ## - FORMATTED CONTENTS NOTE
Formatted contents note U <br/>
520 ## - SUMMARY, ETC.
Summary, etc. This series looks at the nastier side of science. Ugly Bugs looks at some grim families of bugs and tests the theories of disguise. It explains what slugs do with their slime, why flies throw up in your tea, and how insects drink your blood.
521 ## - TARGET AUDIENCE NOTE
Target audience note 840 <br/>
Source Lexile <br/>
521 ## - TARGET AUDIENCE NOTE
Target audience note U <br/>
Source Raz-Plus <br/>
650 #0 - SUBJECT ADDED ENTRY--TOPICAL TERM
Topical term or geographic name entry element Insects
Form subdivision Juvenile literature.
650 #7 - SUBJECT ADDED ENTRY--TOPICAL TERM
Topical term or geographic name entry element Insects.
Source of heading or term fast
Authority record control number or standard number (OCoLC)fst00974074
655 #7 - INDEX TERM--GENRE/FORM
Genre/form data or focus term Juvenile works.
Source of term fast
Authority record control number or standard number (OCoLC)fst01411637
700 1# - ADDED ENTRY--PERSONAL NAME
Personal name De Saulles, Tony.
906 ## - LOCAL DATA ELEMENT F, LDF (RLIN)
a 7
b cbc
c copycat
d 2
e ncip
f 20
g y-gencatlg
942 ## - ADDED ENTRY ELEMENTS (KOHA)
Source of classification or shelving scheme Dewey Decimal Classification
Koha item type Books
Suppress in OPAC No
999 ## -
-- 1314
-- 1314
Holdings
Withdrawn status Lost status Source of classification or shelving scheme Damaged status Not for loan Collection Home library Current library Shelving location Date acquired Total Checkouts Full call number Barcode Date last seen Date last checked out Copy number Price effective from Koha item type
    Dewey Decimal Classification     Fiction Footprints International School Library Network Toul Kork Campus Footprints International School Library Network Toul Kork Campus A TK Campus, 4th Floor, Room B401, Fiction Bookcases (1-6) 08/28/2025   ARN PZ7 QL467.2 FISTKG5A038 08/28/2025   3 08/28/2025 Books
    Dewey Decimal Classification     Juvenile Fiction Footprints International School Library Network Toul Tom Poung Campus Footprints International School Library Network Toul Tom Poung Campus TTP Secondary Fiction Bookshelves 08/14/2023 1 ARN PZ7 QL467.2 2024-2356 09/12/2025 08/15/2025 1 08/14/2023 Books
    Dewey Decimal Classification     Juvenile Fiction Footprints International School Library Network Toul Tom Poung Campus Footprints International School Library Network Toul Tom Poung Campus TTP Secondary Fiction Bookshelves 08/14/2023   ARN PZ7 QL467.2 FISSE00009 11/21/2024   2 08/14/2023 Books